00626nam a22001937a 4500003000400000005001700004008004100021020001800062082002100080245010600101260004500207300002700252546001200279650001900291650003100310650003000341700003000371700003100401OSt20251217152045.0210628b ||||| |||| 00| 0 eng d a9789386062475 a364.440954bD39D aDemystifying criminal justice social work in Indiacedited by Mark David Chong and Abraham P. Francis aNew DelhibSage Publications Indiac2017 bHardboundaxlix, 297p. aEnglish 2Social service 2Social work with criminals 2Criminals--Rehabilitation aChong, Mark DavideEditor aFrancis, Abraham PeEditor